| 000 | 00880nam a22002651i 4500 | ||
|---|---|---|---|
| 001 | 120612 | ||
| 003 | ES-MaBCM | ||
| 005 | 20241016143554.0 | ||
| 008 | 051221s1966 esp spa | ||
| 017 | _aM.1953-1966 | ||
| 021 | _axx | ||
| 035 | _a(OCoLC)1350264127 | ||
| 040 | _cES-MaBCM | ||
| 041 | 0 | _aspa | |
| 100 | 1 |
_aGómez Molleda, María Dolores _919353 |
|
| 245 | 1 | 4 |
_aLos reformadores de la España contemporánea _cMª Dolores Gómez Molleda ; prólogo de Vicente Palacio Atard |
| 260 |
_aMadrid : _bEscuela de Historia Moderna, _c1966 |
||
| 300 |
_aXXXI, 522 p., 12 h. con lám. _c25 cm |
||
| 490 | 0 |
_aHistoria de España en el mundo moderno. Estudios ; _9108554 _v2 |
|
| 650 | 7 |
_aCambio social _957802 |
|
| 650 | 2 | 7 |
_aCambio de régimen político _957801 |
| 651 | 2 | 4 |
_aEspaña _9115342 |
| 710 | 2 |
_aEscuela de Historia Moderna (Madrid) _962975 |
|
| 942 | _cBK | ||
| 999 |
_c120612 _d120612 |
||